[Event "I Torneo Magistral Fiestas del Pilar"]
[Site "Zaragoza ESP"]
[Date "2005.10.03"]
[Round "1.1"]
[White "Romon Poves, Raul"]
[Black "Rios Parra, Alejandro"]
[Result "1/2-1/2"]
[WhiteElo "2209"]
[BlackElo "2288"]
[PlyCount "30"]
[EventDate "2005.10.03"]
[EventType "tourn"]
[EventRounds "9"]
[EventCountry "ESP"]
[EventCategory "4"]
[Source "lmi"]
[SourceDate "2005.10.12"]

1. d4 Nf6 2. c4 e6 3. Nc3 Bb4 4. Qc2 b6 5. e4 O-O 6. e5 Ne8 7. Bd3 f5 8. Nf3 h6
9. a3 Bxc3+ 10. Qxc3 Bb7 11. Be2 d6 12. O-O Nd7 13. b4 Rc8 14. Bb2 dxe5 15.
dxe5 c5 1/2-1/2

[Event "I Torneo Magistral Fiestas del Pilar"]
[Site "Zaragoza ESP"]
[Date "2005.10.03"]
[Round "1.2"]
[White "Gomez Luesia, Jesus"]
[Black "Adla, Diego Gustavo"]
[Result "1/2-1/2"]
[WhiteElo "2196"]
[BlackElo "2474"]
[PlyCount "22"]
[EventDate "2005.10.03"]
[EventType "tourn"]
[EventRounds "9"]
[EventCountry "ESP"]
[EventCategory "4"]
[Source "lmi"]
[SourceDate "2005.10.12"]

1. d4 d5 2. Nf3 Nf6 3. c4 dxc4 4. e3 e6 5. Bxc4 c5 6. O-O a6 7. a4 Nc6 8. Qe2
Qc7 9. Nc3 Be7 10. dxc5 Bxc5 11. e4 Ng4 1/2-1/2

[Event "I Torneo Magistral Fiestas del Pilar"]
[Site "Zaragoza ESP"]
[Date "2005.10.03"]
[Round "1.3"]
[White "Gomez Anadon, Daniel"]
[Black "Minzer, Claudio Javier"]
[Result "0-1"]
[WhiteElo "2288"]
[BlackElo "2438"]
[PlyCount "88"]
[EventDate "2005.10.03"]
[EventType "tourn"]
[EventRounds "9"]
[EventCountry "ESP"]
[EventCategory "4"]
[Source "lmi"]
[SourceDate "2005.10.12"]

1. e4 e6 2. d4 d5 3. e5 c5 4. c3 Nc6 5. Nf3 Qb6 6. Be2 Nh6 7. Bxh6 gxh6 8. Qd2
Bg7 9. O-O O-O 10. Na3 cxd4 11. cxd4 f6 12. exf6 Rxf6 13. Nc2 a5 14. Rae1 Bd7
15. Ne5 Nxe5 16. dxe5 Rf7 17. b3 a4 18. b4 Rc8 19. Bd3 Bb5 20. Bxb5 Qxb5 21.
Nd4 Qb6 22. Re2 Rc4 23. Rd1 a3 24. Re3 Rf4 25. Nc2 Qc7 26. Nxa3 Rfd4 27. Nxc4
Rxd2 28. Nxd2 Qc2 29. Ree1 Bxe5 30. Nf3 Bc3 31. Rc1 Qb2 32. Red1 e5 33. Rb1
Qxa2 34. Rbc1 Qa3 35. h3 e4 36. Nh4 d4 37. Nf5 Qxb4 38. Rb1 Qc5 39. Nxh6+ Kg7
40. Ng4 b5 41. Nh2 b4 42. Nf1 e3 43. fxe3 dxe3 44. Rd7+ Kg6 0-1

[Event "I Torneo Magistral Fiestas del Pilar"]
[Site "Zaragoza ESP"]
[Date "2005.10.03"]
[Round "1.4"]
[White "Garza Marco, Sergio"]
[Black "Llorente Zaro, Alfonso"]
[Result "1/2-1/2"]
[WhiteElo "2372"]
[BlackElo "2357"]
[PlyCount "42"]
[EventDate "2005.10.03"]
[EventType "tourn"]
[EventRounds "9"]
[EventCountry "ESP"]
[EventCategory "4"]
[Source "lmi"]
[SourceDate "2005.10.12"]

1. d4 Nf6 2. c4 c5 3. d5 e5 4. Nc3 d6 5. e4 Be7 6. Bd3 Nbd7 7. h3 Nf8 8. Bc2
Ng6 9. Nge2 O-O 10. Be3 Nh5 11. Qd2 h6 12. g3 Bd7 13. Ba4 Bxa4 14. Nxa4 Qd7 15.
Nac3 f5 16. exf5 Qxf5 17. O-O-O Nhf4 18. Qc2 Qxc2+ 19. Kxc2 Nxe2 20. Nxe2 Bg5
21. Nc3 Bxe3 1/2-1/2

[Event "I Torneo Magistral Fiestas del Pilar"]
[Site "Zaragoza ESP"]
[Date "2005.10.03"]
[Round "1.5"]
[White "Lopez Gracia, Fernando"]
[Black "Glavina Rossi, Pablo"]
[Result "1/2-1/2"]
[WhiteElo "2316"]
[BlackElo "2446"]
[PlyCount "27"]
[EventDate "2005.10.03"]
[EventType "tourn"]
[EventRounds "9"]
[EventCountry "ESP"]
[EventCategory "4"]
[Source "lmi"]
[SourceDate "2005.10.12"]

1. Nf3 d5 2. d4 Nf6 3. c4 e6 4. Nc3 Be7 5. Bg5 O-O 6. e3 Nbd7 7. Rc1 dxc4 8.
Bxc4 a6 9. a4 c5 10. O-O cxd4 11. exd4 Nb6 12. Bb3 Bd7 13. Ne5 Bc6 14. Nxc6
1/2-1/2

[Event "I Torneo Magistral Fiestas del Pilar"]
[Site "Zaragoza ESP"]
[Date "2005.10.04"]
[Round "2.1"]
[White "Rios Parra, Alejandro"]
[Black "Glavina Rossi, Pablo"]
[Result "1/2-1/2"]
[WhiteElo "2288"]
[BlackElo "2446"]
[PlyCount "82"]
[EventDate "2005.10.03"]
[EventType "tourn"]
[EventRounds "9"]
[EventCountry "ESP"]
[EventCategory "4"]
[Source "lmi"]
[SourceDate "2005.10.12"]

1. e4 e5 2. Nf3 Nc6 3. Bc4 Nf6 4. d4 exd4 5. e5 d5 6. Bb5 Ne4 7. Nxd4 Bc5 8.
Be3 Bd7 9. Bxc6 bxc6 10. Nd2 Qh4 11. Nxe4 Qxe4 12. O-O O-O 13. Re1 Qg6 14. Qd3
Rfe8 15. Qxg6 hxg6 16. Nb3 Bb6 17. Bd4 Rab8 18. c3 a5 19. Re2 f6 20. Rae1 a4
21. Bxb6 axb3 22. Bxc7 Rb7 23. Bd6 bxa2 24. Ra1 Ra7 25. Ba3 Rxe5 26. Rxe5 fxe5
27. Rxa2 Kf7 28. Ra1 Ke6 29. Re1 Ra5 30. Bf8 Kf7 31. Bd6 e4 32. b4 Ra2 33. h3
g5 34. Bc5 g4 35. hxg4 Bxg4 36. Kh2 Be2 37. Kg3 g5 38. Rh1 Rd2 39. Re1 Kg6 40.
Bd4 Rd3+ 41. Kh2 Bd1 1/2-1/2

[Event "I Torneo Magistral Fiestas del Pilar"]
[Site "Zaragoza ESP"]
[Date "2005.10.04"]
[Round "2.2"]
[White "Llorente Zaro, Alfonso"]
[Black "Lopez Gracia, Fernando"]
[Result "1/2-1/2"]
[WhiteElo "2357"]
[BlackElo "2316"]
[PlyCount "63"]
[EventDate "2005.10.03"]
[EventType "tourn"]
[EventRounds "9"]
[EventCountry "ESP"]
[EventCategory "4"]
[Source "lmi"]
[SourceDate "2005.10.12"]

1. d4 Nf6 2. c4 g6 3. Nc3 Bg7 4. Nf3 O-O 5. g3 d6 6. Bg2 Nbd7 7. O-O e5 8. b3
c6 9. e4 a6 10. Re1 Rb8 11. dxe5 dxe5 12. Ba3 Re8 13. Bd6 Ra8 14. c5 Bf8 15.
Na4 Bxd6 16. Qxd6 Qe7 17. Rad1 Qxd6 18. Rxd6 Kg7 19. Nd2 Nf8 20. Nc4 Rb8 21.
Red1 Be6 22. Nxe5 Bxb3 23. axb3 Rxe5 24. f4 Re7 25. e5 Ne8 26. R6d3 f6 27.
exf6+ Nxf6 28. Nb6 Rbe8 29. Bf3 Ne6 30. Na4 Nc7 31. Nc3 Ne6 32. Na4 1/2-1/2

[Event "I Torneo Magistral Fiestas del Pilar"]
[Site "Zaragoza ESP"]
[Date "2005.10.04"]
[Round "2.3"]
[White "Minzer, Claudio Javier"]
[Black "Garza Marco, Sergio"]
[Result "1-0"]
[WhiteElo "2438"]
[BlackElo "2372"]
[PlyCount "57"]
[EventDate "2005.10.03"]
[EventType "tourn"]
[EventRounds "9"]
[EventCountry "ESP"]
[EventCategory "4"]
[Source "lmi"]
[SourceDate "2005.10.12"]

1. d4 d6 2. Nf3 g6 3. c4 Bg7 4. Nc3 Nf6 5. e4 O-O 6. Be2 Na6 7. O-O e5 8. Be3
Ng4 9. Bg5 Qe8 10. c5 exd4 11. Nd5 dxc5 12. Bxa6 bxa6 13. Nxc7 Qxe4 14. Re1 Qc6
15. Nxa8 Bb7 16. Rc1 Rxa8 17. Bf4 a5 18. Re7 Bf8 19. Rc7 Qd5 20. Qa4 g5 21. Bg3
Nf6 22. Qb5 Bc8 23. R7xc5 Bxc5 24. Rxc5 Qxa2 25. Rxg5+ Kh8 26. Be5 Qb1+ 27. Qf1
Qxf1+ 28. Kxf1 Ba6+ 29. Kg1 1-0

[Event "I Torneo Magistral Fiestas del Pilar"]
[Site "Zaragoza ESP"]
[Date "2005.10.04"]
[Round "2.4"]
[White "Adla, Diego Gustavo"]
[Black "Gomez Anadon, Daniel"]
[Result "1/2-1/2"]
[WhiteElo "2474"]
[BlackElo "2288"]
[PlyCount "25"]
[EventDate "2005.10.03"]
[EventType "tourn"]
[EventRounds "9"]
[EventCountry "ESP"]
[EventCategory "4"]
[Source "lmi"]
[SourceDate "2005.10.12"]

1. Nf3 Nf6 2. d4 d5 3. c4 e6 4. e3 Nbd7 5. Nc3 c6 6. Qc2 Be7 7. Bd3 O-O 8. O-O
Qc7 9. e4 dxc4 10. Bxc4 e5 11. dxe5 Nxe5 12. Nxe5 Qxe5 13. Be2 1/2-1/2

[Event "I Torneo Magistral Fiestas del Pilar"]
[Site "Zaragoza ESP"]
[Date "2005.10.05"]
[Round "3.1"]
[White "Gomez Luesia, Jesus"]
[Black "Rios Parra, Alejandro"]
[Result "0-1"]
[WhiteElo "2196"]
[BlackElo "2288"]
[PlyCount "129"]
[EventDate "2005.10.03"]
[EventType "tourn"]
[EventRounds "9"]
[EventCountry "ESP"]
[EventCategory "4"]
[Source "lmi"]
[SourceDate "2005.10.12"]

1. b3 e5 2. Bb2 d6 3. d4 Nd7 4. Nf3 f6 5. g3 Nh6 6. Bg2 Be7 7. O-O O-O 8. c4
Nf7 9. Qc2 Re8 10. Rd1 Bf8 11. Nc3 c6 12. e4 g6 13. Re1 Ng5 14. d5 Nxf3+ 15.
Bxf3 c5 16. Kh1 a6 17. Rg1 Bh6 18. Bc1 Bxc1 19. Raxc1 Nf8 20. Be2 b6 21. Bd3
Ra7 22. f3 Ree7 23. Rcf1 Rg7 24. Qe2 h5 25. Nd1 Rh7 26. Ne3 h4 27. Qf2 Bh3 28.
Re1 hxg3 29. Rxg3 g5 30. Bf1 Bc8 31. Nf5 Ng6 32. Bh3 Nf4 33. Qf1 Nxh3 34. Rxh3
Bxf5 35. exf5 Rxh3 36. Qxh3 Rh7 37. Qg2 Qd7 38. f4 Qxf5 39. fxe5 fxe5 40. Rf1
Qg6 41. Qg4 Rf7 42. Rxf7 Kxf7 43. Qd7+ Kg8 44. Qd8+ Kg7 45. Qxb6 Qf6 46. Kg2 e4
47. Qc7+ Kg6 48. Qd7 Qb2+ 49. Kh3 Qc3+ 50. Kg2 Qd2+ 51. Kg1 Qe1+ 52. Kg2 Qe2+
53. Kg1 Qe3+ 54. Kg2 Qf3+ 55. Kg1 e3 56. Qe8+ Kf5 57. Qe6+ Kf4 58. Qxd6+ Ke4
59. Qg6+ Kd4 60. Qc2 e2 61. Qd2+ Ke4 62. Qe1 Qe3+ 63. Kg2 Kd3 64. h3 Qe4+ 65.
Kf2 0-1

[Event "I Torneo Magistral Fiestas del Pilar"]
[Site "Zaragoza ESP"]
[Date "2005.10.05"]
[Round "3.2"]
[White "Gomez Anadon, Daniel"]
[Black "Romon Poves, Raul"]
[Result "1-0"]
[WhiteElo "2288"]
[BlackElo "2209"]
[PlyCount "87"]
[EventDate "2005.10.03"]
[EventType "tourn"]
[EventRounds "9"]
[EventCountry "ESP"]
[EventCategory "4"]
[Source "lmi"]
[SourceDate "2005.10.12"]

1. e4 c5 2. Nf3 Nc6 3. d4 cxd4 4. Nxd4 Nf6 5. Nc3 e5 6. Ndb5 d6 7. Bg5 a6 8.
Na3 b5 9. Bxf6 gxf6 10. Nd5 f5 11. c3 Bg7 12. exf5 Bxf5 13. Nc2 O-O 14. Nce3
Be6 15. Bd3 f5 16. O-O Ra7 17. f4 Ne7 18. Bc2 Nxd5 19. Nxd5 Qc8 20. Kh1 Qc5 21.
Bb3 Kh8 22. a4 e4 23. Re1 bxa4 24. Rxa4 Bxd5 25. Bxd5 Qf2 26. Qc1 Rb8 27. Rc4
Bh6 28. Rf1 Qxb2 29. Rc8+ Kg7 30. Rg8+ Kf6 31. Qe3 Rxg8 32. Qd4+ Kg6 33. Bxg8
Qb8 34. g4 Re7 35. Qd5 Qb7 36. gxf5+ Kf6 37. Qxd6+ Kxf5 38. Bd5 Qd7 39. Bxe4+
Kxe4 40. Re1+ Kf5 41. Qxe7 Qd5+ 42. Kg1 Qg8+ 43. Kf2 Qa2+ 44. Re2 1-0

[Event "I Torneo Magistral Fiestas del Pilar"]
[Site "Zaragoza ESP"]
[Date "2005.10.05"]
[Round "3.3"]
[White "Garza Marco, Sergio"]
[Black "Adla, Diego Gustavo"]
[Result "1/2-1/2"]
[WhiteElo "2372"]
[BlackElo "2474"]
[PlyCount "105"]
[EventDate "2005.10.03"]
[EventType "tourn"]
[EventRounds "9"]
[EventCountry "ESP"]
[EventCategory "4"]
[Source "lmi"]
[SourceDate "2005.10.12"]

1. d4 Nf6 2. c4 e6 3. Nf3 Bb4+ 4. Nbd2 b6 5. a3 Bxd2+ 6. Bxd2 Bb7 7. Bg5 d6 8.
e3 Nbd7 9. Bh4 O-O 10. Bd3 Qe8 11. O-O Ne4 12. Nd2 f5 13. f3 Nxd2 14. Qxd2 Qh5
15. Bg3 e5 16. c5 bxc5 17. dxe5 Nxe5 18. Bxe5 dxe5 19. Qa5 Qh6 20. Qxc5 Qb6 21.
Qxe5 Rae8 22. Qf4 Rxe3 23. Bc4+ Kh8 24. Kh1 h6 25. h4 Rfe8 26. Rad1 Bc8 27. h5
R3e7 28. Qd4 Be6 29. Qxb6 cxb6 30. Bb5 Rc8 31. Rfe1 Kg8 32. Kh2 Kf7 33. Kg3 Rc2
34. Rd6 Rcc7 35. Kf4 Bc4 36. Rxe7+ Kxe7 37. Rc6 Rxc6 38. Bxc6 Kf6 39. Be8 Bf1
40. g3 Be2 41. Bg6 Bd1 42. Bh7 Be2 43. Bg6 Bd1 44. Be8 Bb3 45. Bg6 Be6 46. Be8
Bc8 47. Bg6 Bd7 48. b4 Be6 49. Be8 Bc8 50. Bb5 Be6 51. Be8 Bc8 52. Bb5 Be6 53.
Be8 1/2-1/2

[Event "I Torneo Magistral Fiestas del Pilar"]
[Site "Zaragoza ESP"]
[Date "2005.10.05"]
[Round "3.4"]
[White "Lopez Gracia, Fernando"]
[Black "Minzer, Claudio Javier"]
[Result "1/2-1/2"]
[WhiteElo "2316"]
[BlackElo "2438"]
[PlyCount "22"]
[EventDate "2005.10.03"]
[EventType "tourn"]
[EventRounds "9"]
[EventCountry "ESP"]
[EventCategory "4"]
[Source "lmi"]
[SourceDate "2005.10.12"]

1. Nf3 d5 2. d4 Nf6 3. c4 c6 4. Nc3 dxc4 5. a4 Bf5 6. Nh4 e6 7. Nxf5 exf5 8. e3
Bd6 9. Bxc4 O-O 10. h3 Qe7 11. Qf3 g6 1/2-1/2

[Event "I Torneo Magistral Fiestas del Pilar"]
[Site "Zaragoza ESP"]
[Date "2005.10.05"]
[Round "3.5"]
[White "Glavina Rossi, Pablo"]
[Black "Llorente Zaro, Alfonso"]
[Result "1/2-1/2"]
[WhiteElo "2446"]
[BlackElo "2357"]
[PlyCount "24"]
[EventDate "2005.10.03"]
[EventType "tourn"]
[EventRounds "9"]
[EventCountry "ESP"]
[EventCategory "4"]
[Source "lmi"]
[SourceDate "2005.10.12"]

1. e4 e5 2. Nf3 Nc6 3. Bb5 a6 4. Ba4 Nf6 5. O-O b5 6. Bb3 Bb7 7. d3 Bc5 8. c3
d6 9. Nbd2 O-O 10. Re1 Bb6 11. Nf1 Ne7 12. Bg5 Ng6 1/2-1/2

[Event "I Torneo Magistral Fiestas del Pilar"]
[Site "Zaragoza ESP"]
[Date "2005.10.06"]
[Round "4.1"]
[White "Rios Parra, Alejandro"]
[Black "Llorente Zaro, Alfonso"]
[Result "1-0"]
[WhiteElo "2288"]
[BlackElo "2357"]
[PlyCount "123"]
[EventDate "2005.10.03"]
[EventType "tourn"]
[EventRounds "9"]
[EventCountry "ESP"]
[EventCategory "4"]
[Source "lmi"]
[SourceDate "2005.10.12"]

1. e4 e5 2. Nf3 Nc6 3. Bc4 Bc5 4. c3 Nf6 5. b4 Bb6 6. d3 d6 7. h3 Qe7 8. a4 a5
9. b5 Nd8 10. Bg5 h6 11. Be3 Bxe3 12. fxe3 c6 13. bxc6 bxc6 14. O-O O-O 15.
Nbd2 d5 16. exd5 cxd5 17. Bb5 Bd7 18. c4 Nc6 19. Qb3 Nb4 20. d4 exd4 21. exd4
dxc4 22. Bxc4 Qd6 23. Rad1 Bc6 24. Rf2 Ra7 25. Ne5 Qxd4 26. Ndf3 Qb6 27. Nxc6
Qxc6 28. Ne5 Qb6 29. Re1 Re7 30. Qe3 Qxe3 31. Rxe3 Rfe8 32. Rxf6 gxf6 33. Rg3+
Kh8 34. Nxf7+ Kh7 35. Nd6 Rd8 36. Nf5 Re5 37. Bf7 Rxf5 38. Bg6+ Kh8 39. Bxf5
Rd5 40. Be6 Re5 41. Bc4 Kh7 42. Rc3 Kg6 43. Bb5 Re7 44. Rc8 Ra7 45. Be8+ Kg7
46. Rd8 Na6 47. Rc8 Nb4 48. Bb5 Kg6 49. Kf2 Na6 50. Ke3 Nb4 51. Kd4 Re7 52. Kc5
Re5+ 53. Kb6 Nd5+ 54. Kxa5 h5 55. Re8 Rg5 56. Rg8+ Kf5 57. Rxg5+ fxg5 58. Bc6
Ne7 59. Kb6 Ke5 60. a5 Nc8+ 61. Kc7 Na7 62. Bd7 1-0

[Event "I Torneo Magistral Fiestas del Pilar"]
[Site "Zaragoza ESP"]
[Date "2005.10.06"]
[Round "4.2"]
[White "Minzer, Claudio Javier"]
[Black "Glavina Rossi, Pablo"]
[Result "1/2-1/2"]
[WhiteElo "2438"]
[BlackElo "2446"]
[PlyCount "29"]
[EventDate "2005.10.03"]
[EventType "tourn"]
[EventRounds "9"]
[EventCountry "ESP"]
[EventCategory "4"]
[Source "lmi"]
[SourceDate "2005.10.12"]

1. d4 d5 2. c4 e6 3. Nf3 Nf6 4. Nc3 Be7 5. Bg5 O-O 6. e3 h6 7. Bh4 b6 8. Be2
Bb7 9. Bxf6 Bxf6 10. cxd5 exd5 11. O-O c5 12. dxc5 Bxc3 13. bxc3 bxc5 14. Qb3
Qc7 15. Rae1 1/2-1/2

[Event "I Torneo Magistral Fiestas del Pilar"]
[Site "Zaragoza ESP"]
[Date "2005.10.06"]
[Round "4.4"]
[White "Romon Poves, Raul"]
[Black "Garza Marco, Sergio"]
[Result "1-0"]
[WhiteElo "2209"]
[BlackElo "2372"]
[PlyCount "161"]
[EventDate "2005.10.03"]
[EventType "tourn"]
[EventRounds "9"]
[EventCountry "ESP"]
[EventCategory "4"]
[Source "lmi"]
[SourceDate "2005.10.12"]

1. d4 Nf6 2. c4 Nc6 3. Nf3 e6 4. Nc3 Bb4 5. Qc2 d5 6. e3 O-O 7. a3 Bd6 8. c5
Be7 9. b4 Re8 10. b5 Na5 11. Bd3 g6 12. Bd2 b6 13. c6 Bd6 14. Ne2 a6 15. a4 Nc4
16. Bxc4 dxc4 17. O-O e5 18. dxe5 Bxe5 19. Nxe5 Rxe5 20. Bc3 Rg5 21. Bb2 Ne8
22. Qc3 f6 23. Qxc4+ Qd5 24. Qxd5+ Rxd5 25. Nd4 Nd6 26. Ba3 Nf5 27. Nf3 axb5
28. e4 Rd3 29. exf5 Bxf5 30. Bb2 bxa4 31. Bxf6 Rd6 32. Be5 Rxc6 33. Rfc1 Rxc1+
34. Rxc1 c5 35. Kf1 a3 36. Ke2 Ra4 37. Nd2 a2 38. Ba1 Rb4 39. f3 h5 40. Nc4 g5
41. Ne3 Rb1 42. Kd2 Be6 43. Nd1 Rb4 44. Nc3 Rd4+ 45. Ke3 Rb4 46. Ne4 g4 47. f4
Kf8 48. g3 Ke7 49. Ng5 Bf5 50. Re1 Kd7 51. Nf7 Kc6 52. Kd2 Rb1 53. Nh6 Rxe1 54.
Kxe1 Be6 55. f5 Bc4 56. Kd2 b5 57. f6 Kd6 58. Nf5+ Ke6 59. Ng7+ Kd7 60. Nxh5 b4
61. Nf4 Bg8 62. Nd3 Kd6 63. Ne5 Be6 64. Kd3 Bb3 65. Nxg4 c4+ 66. Ke3 c3 67. Nh6
Ke6 68. f7 Ke7 69. g4 Bxf7 70. Nxf7 Kxf7 71. Kd3 Ke6 72. h4 Ke5 73. Ke3 Kd5 74.
Kd3 Ke5 75. h5 Kf6 76. h6 Kg6 77. g5 Kh7 78. Kc2 Kg6 79. Kb3 Kh7 80. Kxa2 c2
81. Bb2 1-0

[Event "I Torneo Magistral Fiestas del Pilar"]
[Site "Zaragoza ESP"]
[Date "2005.10.06"]
[Round "4.5"]
[White "Gomez Luesia, Jesus"]
[Black "Gomez Anadon, Daniel"]
[Result "1/2-1/2"]
[WhiteElo "2196"]
[BlackElo "2288"]
[PlyCount "80"]
[EventDate "2005.10.03"]
[EventType "tourn"]
[EventRounds "9"]
[EventCountry "ESP"]
[EventCategory "4"]
[Source "lmi"]
[SourceDate "2005.10.12"]

1. Nf3 Nf6 2. g3 d5 3. Bg2 Bf5 4. O-O e6 5. d3 h6 6. Nbd2 Be7 7. Qe1 O-O 8. e4
Bh7 9. Ne5 c6 10. Kh1 Nfd7 11. Nxd7 Nxd7 12. f4 Re8 13. g4 a5 14. Nf3 dxe4 15.
dxe4 Nc5 16. f5 exf5 17. exf5 Bf6 18. Qg3 Re2 19. c3 Ne4 20. Qf4 Nf2+ 21. Kg1
Nd3 22. Qc4 h5 23. g5 Qb6+ 24. Nd4 Bxd4+ 25. cxd4 Nxc1 26. Raxc1 Qxb2 27. Bf3
Rxh2 28. g6 Qxa2 29. gxh7+ Kxh7 30. Qxa2 Rxa2 31. d5 Rd8 32. dxc6 bxc6 33. Rxc6
Rd3 34. Rc7 Kg8 35. Rf2 Rxf2 36. Kxf2 g6 37. Be4 Rd6 38. Ra7 gxf5 39. Bxf5 Rd5
40. Be4 Rc5 1/2-1/2

[Event "I Torneo Magistral Fiestas del Pilar"]
[Site "Zaragoza ESP"]
[Date "2005.10.07"]
[Round "5.1"]
[White "Gomez Anadon, Daniel"]
[Black "Rios Parra, Alejandro"]
[Result "0-1"]
[WhiteElo "2288"]
[BlackElo "2288"]
[PlyCount "70"]
[EventDate "2005.10.03"]
[EventType "tourn"]
[EventRounds "9"]
[EventCountry "ESP"]
[EventCategory "4"]
[Source "lmi"]
[SourceDate "2005.10.12"]

1. e4 e5 2. Nf3 Nc6 3. Bb5 a6 4. Ba4 d6 5. Bxc6+ bxc6 6. d4 f6 7. Qd3 Ne7 8.
Nc3 Bg4 9. Be3 Qb8 10. dxe5 fxe5 11. O-O-O Qb4 12. a3 Qb7 13. Rd2 h6 14. h3 Be6
15. g3 Rb8 16. b3 c5 17. Kd1 Nc6 18. Nd5 Nd4 19. Bxd4 cxd4 20. Re1 a5 21. Nxd4
exd4 22. Qxd4 Kf7 23. Nf4 Re8 24. e5 d5 25. Qd3 Kg8 26. Qg6 Bf7 27. Qf5 d4 28.
e6 Qf3+ 29. Kc1 Bxa3+ 30. Kb1 Rxe6 31. Re3 dxe3 32. Rd8+ Re8 33. Rxe8+ Bxe8 34.
Qe6+ Bf7 35. Qc8+ Bf8 0-1

[Event "I Torneo Magistral Fiestas del Pilar"]
[Site "Zaragoza ESP"]
[Date "2005.10.07"]
[Round "5.2"]
[White "Garza Marco, Sergio"]
[Black "Gomez Luesia, Jesus"]
[Result "1-0"]
[WhiteElo "2372"]
[BlackElo "2196"]
[PlyCount "173"]
[EventDate "2005.10.03"]
[EventType "tourn"]
[EventRounds "9"]
[EventCountry "ESP"]
[EventCategory "4"]
[Source "lmi"]
[SourceDate "2005.10.12"]

1. d4 Nf6 2. c4 e6 3. g3 c5 4. d5 e5 5. Nc3 d6 6. Bg2 Be7 7. e4 O-O 8. Nge2 Ne8
9. O-O Bg5 10. f4 exf4 11. gxf4 Bh6 12. Qd3 Bg4 13. Qg3 Bxe2 14. Nxe2 Nd7 15.
e5 Rb8 16. Nc3 a6 17. Bh3 f5 18. Re1 Qc7 19. e6 Nb6 20. Qd3 g6 21. Kh1 Nc8 22.
Be3 b5 23. cxb5 c4 24. Qe2 axb5 25. a4 bxa4 26. Rxa4 Nb6 27. Ra5 Nc8 28. Rea1
Nf6 29. Bg2 Ng4 30. Bd4 Bxf4 31. Ra7 Nxa7 32. Rxa7 Rb7 33. Rxb7 Qxb7 34. e7 Be5
35. exf8=R+ Kxf8 36. Bg1 Qa6 37. h3 Nf6 38. Bf3 Qa1 39. Qd2 Qf1 40. Bg2 Qa1 41.
Bf3 Qf1 42. Qg2 Qc1 43. Qf2 Qh6 44. Kg2 Qg5+ 45. Kf1 Qc1+ 46. Nd1 Qh6 47. h4
Qc1 48. Kg2 Qf4 49. Kf1 Ne4 50. Bxe4 Qxe4 51. Nc3 Qd3+ 52. Kg2 Bxc3 53. bxc3
Qxd5+ 54. Qf3 Qd2+ 55. Bf2 d5 56. Kg3 Kf7 57. Bd4 Qe1+ 58. Qf2 Qe4 59. Qf4 Qe1+
60. Kg2 Qe2+ 61. Kh3 Qd3+ 62. Kh2 Qe2+ 63. Bf2 Qe7 64. Qd4 Qc7+ 65. Bg3 Qb7 66.
Kh3 Qd7 67. Kg2 Qe6 68. Be5 h6 69. Qa7+ Ke8 70. Qb8+ Ke7 71. Qc7+ Ke8 72. Kf3
f4 73. Qb8+ Ke7 74. Qa7+ Ke8 75. Bxf4 Qh3+ 76. Bg3 Qf5+ 77. Kg2 Qc2+ 78. Kh3
Qxc3 79. Qa8+ Ke7 80. Qb7+ Kf6 81. Qc6+ Kg7 82. Qd7+ Kf6 83. Qxd5 Qd3 84. Qxd3
cxd3 85. Be1 Kf5 86. Bd2 g5 87. h5 1-0

[Event "I Torneo Magistral Fiestas del Pilar"]
[Site "Zaragoza ESP"]
[Date "2005.10.07"]
[Round "5.3"]
[White "Lopez Gracia, Fernando"]
[Black "Romon Poves, Raul"]
[Result "1-0"]
[WhiteElo "2316"]
[BlackElo "2209"]
[PlyCount "173"]
[EventDate "2005.10.03"]
[EventType "tourn"]
[EventRounds "9"]
[EventCountry "ESP"]
[EventCategory "4"]
[Source "lmi"]
[SourceDate "2005.10.12"]

1. Nf3 Nf6 2. c4 b6 3. g3 Bb7 4. Bg2 e6 5. O-O Be7 6. Nc3 O-O 7. Re1 Ne4 8.
Nxe4 Bxe4 9. d3 Bb7 10. e4 c5 11. d4 cxd4 12. Nxd4 Nc6 13. Nb5 d6 14. Bf4 Ne5
15. b3 a6 16. Nc3 Rc8 17. Rc1 Qc7 18. Qe2 Qb8 19. Be3 Nd7 20. Red1 Qa8 21. Bf4
Qb8 22. Rc2 Rfd8 23. Rcd2 Ne5 24. a4 Qa8 25. Qe3 Rc6 26. h4 Ng4 27. Qe2 Ne5 28.
Be3 Rc5 29. Kh2 Rc6 30. Bd4 Nd7 31. Qg4 Ne5 32. Qe2 Nd7 33. Na2 Nc5 34. Qe3
Rcc8 35. f3 Bc6 36. Nb4 Bb7 37. Nc2 Bc6 38. Nb4 Bb7 39. Nc2 Bc6 40. Ne1 Qb7 41.
Qc3 b5 42. axb5 axb5 43. Bxg7 bxc4 44. Bh6 e5 45. bxc4 Bd7 46. Nc2 Na4 47. Qe3
Rxc4 48. Bg5 f6 49. Bh6 Rdc8 50. Ne1 Rc3 51. Rd3 Kf7 52. f4 Nb2 53. Rb1 Qb3 54.
Rxc3 Rxc3 55. Qf2 Nd1 56. Rxb3 Nxf2 57. Rxc3 Ng4+ 58. Kh1 Nxh6 59. Rc7 Bg4 60.
f5 Be2 61. Bf3 Bxf3+ 62. Nxf3 Ng4 63. Kg2 d5 64. Nh2 Ne3+ 65. Kf2 d4 66. g4 h6
67. Kf3 Nd1 68. Nf1 Nc3 69. Nd2 Nb5 70. Rb7 Nd6 71. Ra7 Nb5 72. Ra5 Nd6 73. Ke2
Nb7 74. Ra7 Nc5 75. Kf3 Ke8 76. Nc4 Nb3 77. Ke2 Nc5 78. Kf3 Nb3 79. g5 fxg5 80.
hxg5 hxg5 81. Nxe5 Nd2+ 82. Kg4 Nxe4 83. Ra8+ Bd8 84. Nc6 Kd7 85. Rxd8+ Kxc6
86. Rxd4 Nc5 87. Rc4 1-0

[Event "I Torneo Magistral Fiestas del Pilar"]
[Site "Zaragoza ESP"]
[Date "2005.10.07"]
[Round "5.4"]
[White "Glavina Rossi, Pablo"]
[Black "Adla, Diego Gustavo"]
[Result "1/2-1/2"]
[WhiteElo "2446"]
[BlackElo "2474"]
[PlyCount "20"]
[EventDate "2005.10.03"]
[EventType "tourn"]
[EventRounds "9"]
[EventCountry "ESP"]
[EventCategory "4"]
[Source "lmi"]
[SourceDate "2005.10.12"]

1. e4 c6 2. d4 d5 3. Nd2 dxe4 4. Nxe4 Nd7 5. Ng5 Ngf6 6. Bd3 e6 7. Qe2 Bd6 8.
N1f3 h6 9. Ne4 Nxe4 10. Qxe4 Qc7 1/2-1/2

[Event "I Torneo Magistral Fiestas del Pilar"]
[Site "Zaragoza ESP"]
[Date "2005.10.07"]
[Round "5.5"]
[White "Llorente Zaro, Alfonso"]
[Black "Minzer, Claudio Javier"]
[Result "0-1"]
[WhiteElo "2357"]
[BlackElo "2438"]
[PlyCount "42"]
[EventDate "2005.10.03"]
[EventType "tourn"]
[EventRounds "9"]
[EventCountry "ESP"]
[EventCategory "4"]
[Source "lmi"]
[SourceDate "2005.10.12"]

1. d4 Nf6 2. c4 c5 3. d5 b5 4. cxb5 a6 5. bxa6 g6 6. Nc3 Bxa6 7. e4 Bxf1 8.
Kxf1 d6 9. Nf3 Nbd7 10. g3 Bg7 11. Kg2 O-O 12. Re1 Ra6 13. Re2 Qa8 14. Bf4 Rb8
15. Qd3 Ng4 16. Rc2 Rab6 17. b3 Rxb3 18. axb3 Qxa1 19. Nd2 Qh1+ 20. Kxh1 Nxf2+
21. Kg2 Nxd3 0-1

[Event "I Torneo Magistral Fiestas del Pilar"]
[Site "Zaragoza ESP"]
[Date "2005.10.08"]
[Round "6.1"]
[White "Rios Parra, Alejandro"]
[Black "Minzer, Claudio Javier"]
[Result "1/2-1/2"]
[WhiteElo "2288"]
[BlackElo "2438"]
[PlyCount "21"]
[EventDate "2005.10.03"]
[EventType "tourn"]
[EventRounds "9"]
[EventCountry "ESP"]
[EventCategory "4"]
[Source "lmi"]
[SourceDate "2005.10.12"]

1. e4 e6 2. d4 d5 3. exd5 exd5 4. Nf3 Nf6 5. Be2 Be7 6. O-O O-O 7. Bf4 Bf5 8.
Nbd2 Nbd7 9. c3 c6 10. Ne5 Nxe5 11. Bxe5 1/2-1/2